Úloha kolektívneho investovania v oblasti vedeckotechnických inovácií a podpore start–up spoločností dizertačná práca

Gespeichert in:
Bibliographische Detailangaben
1. Verfasser: Bukoven, Ján, 1960-
Körperschaft: Národohospodárska fakulta EU. Katedra bankovníctva a medzinárodných financií
Weitere Verfasser: Chovancová, Božena
Format: Buch
Sprache:Slowakisch
Veröffentlicht: Bratislava 2020
Schlagworte:
Tags: Tag hinzufügen
Keine Tags, Fügen Sie das erste Tag hinzu!

MARC

LEADER 00000nbm a2200000 4500
001 0267167
005 20230302102227.0
041 0 |a slo 
044 |a SK 
245 1 0 |a Úloha kolektívneho investovania v oblasti vedeckotechnických inovácií a podpore start–up spoločností  |b dizertačná práca  |c Ján Bukoven ; školiteľ: Božena Chovancová 
264 1 |a Bratislava  |c 2020 
300 |a 134 s. 
610 2 0 |a start-up 
610 2 0 |a investovanie kolektívne 
610 2 0 |a inovácia 
610 2 0 |a fondy podielové 
610 2 0 |a kapitál rizikový 
610 2 0 |a crowdfunding 
100 1 |a Bukoven, Ján, 1960- 
700 1 |a Chovancová, Božena 
710 2 |a Národohospodárska fakulta EU. Katedra bankovníctva a medzinárodných financií